ARRUPE JESUIT UNIVERSITY

CORONAVIRUS -STOP THE SPREAD - CLEAN,DISINFECT,COVER

Malawi - dialogue and development. (Record no. 121749)

MARC details
000 -LEADER
fixed length control field 00891cam a2200301 4500
001 - CONTROL NUMBER
control field 2200607
003 - CONTROL NUMBER IDENTIFIER
control field ARRUPE
005 - DATE AND TIME OF LATEST TRANSACTION
control field 20150116175706.0
008 - FIXED-LENGTH DATA ELEMENTS--GENERAL INFORMATION
fixed length control field 730918s1973 enkb b 000 0 eng
010 ## - LIBRARY OF CONGRESS CONTROL NUMBER
LC control number 73169731
015 ## - NATIONAL BIBLIOGRAPHY NUMBER
National bibliography number GB73-14464
020 ## - INTERNATIONAL STANDARD BOOK NUMBER
International Standard Book Number 0900033134
040 ## - CATALOGING SOURCE
Original cataloging agency DLC
Transcribing agency DLC
Modifying agency DLC
043 ## - GEOGRAPHIC AREA CODE
Geographic area code f-mw---
050 00 - LIBRARY OF CONGRESS CALL NUMBER
Classification number SPC DT859.62
Item number .M32
082 00 - DEWEY DECIMAL CLASSIFICATION NUMBER
Classification number 309.1/689/704
300 ## - PHYSICAL DESCRIPTION
Other physical details map.
Dimensions 21 cm.
245 00 - TITLE STATEMENT
Title Malawi - dialogue and development.
260 ## - PUBLICATION, DISTRIBUTION, ETC. (IMPRINT)
Place of publication, distribution, etc London,
Name of publisher, distributor, etc Africa Publications Trust,
Date of publication, distribution, etc 1973.
300 ## - PHYSICAL DESCRIPTION
Extent [1], 24 p.
350 ## - PRICE (NR) (BK AM CF MU VM SE) [OBSOLETE]
Price £0.60
500 ## - GENERAL NOTE
General note Cover title.
504 ## - BIBLIOGRAPHY, ETC. NOTE
Bibliography, etc Includes bibliographical references.
651 #0 - SUBJECT ADDED ENTRY--GEOGRAPHIC NAME
Geographic name Malawi
General subdivision Foreign relations
Chronological subdivision 1964-
9 (RLIN) 14179
651 #0 - SUBJECT ADDED ENTRY--GEOGRAPHIC NAME
Geographic name Malawi
General subdivision Economic conditions.
9 (RLIN) 9854
651 #0 - SUBJECT ADDED ENTRY--GEOGRAPHIC NAME
Geographic name Malawi
General subdivision Politics and government
Chronological subdivision 1964-1994.
9 (RLIN) 9855
906 ## - LOCAL DATA ELEMENT F, LDF (RLIN)
a 7
b cbc
c orignew
d 3
e ncip
f 19
g y-gencatlg
942 ## - ADDED ENTRY ELEMENTS (KOHA)
Source of classification or shelving scheme Library of Congress Classification
Koha item type SPC
Holdings
Withdrawn status Lost status Source of classification or shelving scheme Damaged status Not for loan Home library Current library Date acquired Total Checkouts Full call number Barcode Date last seen Price effective from Koha item type
    Library of Congress Classification     ARRUPE LIBRARY ARRUPE LIBRARY 16/01/2015   SPC DT859.62 .M32 46500003299 16/01/2015 16/01/2015 SPC

 

Arrupe Library. PO Box MP320 Mt Pleasant, Harare, Zimbabwe
263 242 745411|librarian@aju.ac.zw